Optimalizácia pracovných podmienok SDE pre extrakciu organických zlúčenín zo vzoriek vín

Saved in:
Bibliographic Details
Main Author: Virba, Martin (Author)
Other Authors: Špánik, Ivan (Thesis advisor)
Format: Manuscript Book
Language:Slovak
Published: 2021
Subjects:
Online Access:http://is.stuba.sk/zp/portal_zp.pl?podrobnosti=157713
Tags: Add Tag
No Tags, Be the first to tag this record!

MARC

LEADER 00000ntm a22000003a 4500
001 stuzp84156
003 SK-STU
005 20210605210538.9
007 ta
008 150427s2015----xo-----f-mn---000-0-slo-d
040 |a STU  |b slo 
041 0 |a slo 
100 1 |a Virba, Martin  |u 041000  |4 aut  |U FCHPT Fakulta chemickej a potravinárskej technológie  |T FCHPT Ústav analytickej chémie  |X 88626  |U C1000  |Y 99  |7 88626 
242 0 1 |a Optimization of SDE working conditions for extraction of organic compounds from wine samples  |y eng 
245 1 0 |a Optimalizácia pracovných podmienok SDE pre extrakciu organických zlúčenín zo vzoriek vín 
260 |c 2021 
650 4 |a SDE extrakcia  |2 slo 
650 4 |a tokajská vinohradnícka oblasť  |2 slo 
650 4 |a Muškát žltý  |2 slo 
650 4 |a VOC  |2 slo 
650 4 |a SDE extraction  |2 eng 
650 4 |a Tokaj wine region  |2 eng 
650 4 |a Muscat yellow  |2 eng 
650 4 |a VOC  |2 eng 
700 1 |a Špánik, Ivan  |u 041000  |k Z1  |4 ths  |U FCHPT Fakulta chemickej a potravinárskej technológie  |T FCHPT Ústav analytickej chémie  |X 3910  |U C1000  |Y 99  |7 A000003910 
856 4 |u http://is.stuba.sk/zp/portal_zp.pl?podrobnosti=157713